00421nam a2200157Ia 45000010006000000050017000060080041000230410008000640820017000721000032000892450083001212600009002043000034002136500008002476540008002551578620260306170221.0260306t2022||||xx |||||||||||||| ||und|| aESP a620.071bL65 aLindeburg, Michael R.,eAUT 0aFE review manual :brapid preparation for the fundamentals of engineering exam c2022 avarias paginaciones :c28 cm. aGEN aCII